000 00651nam a2200205 i 4500
001 96896
003 ES-MaACL
005 20250316204109.0
007 t|
008 050704s1930 fr ||||1| fre d
100 0 _aMann, Thomas,
_d1875-1955
_976055
245 1 0 _aTristan /
_cThomas Mann ; traduction de Gabrielle Valère-Gille ; avec une introduction de Geneviève Bianquis.
250 _a4em. ed.
260 _aParis :
_bKra,
_c1930 (
_fRenaulto)
300 _a200 p. ;
_c19 cm.
700 1 _aValère-Gille, Gabrielle.
_9112647
700 1 _aBianquis, Geneviève.
_928755
852 _aES-MaACL
_jA-1290
999 _c96896
_d96896